| 000 | 00549nam a2200217Ia 4500 | ||
|---|---|---|---|
| 001 | 3072 | ||
| 003 | GE_BSU | ||
| 008 | 181216s||||||||xx |||||||||||||| ||und|| | ||
| 040 | _cGE_BSU | ||
| 080 | _a622.276.5.(07.32) | ||
| 245 | _aТехнология добычи нефти и газа | ||
| 245 | _bУчебник | ||
| 245 | _cИ.В.Элияшевский.Ред.Из-ва Е.А.Пемрова | ||
| 260 | _aМ | ||
| 260 | _bНедра | ||
| 260 | _c1976 | ||
| 300 | _a255 стр. | ||
| 300 | _bилл. | ||
| 300 | _c22см | ||
| 942 | _cBK | ||
| 999 |
_c37116 _d37116 |
||